[Event "Frauenbundesliga 2011-12"]
[Site "Germany GER"]
[Date "2012.01.21"]
[Round "6.5"]
[White "Schoene,Mar"]
[Black "Muller,Ann"]
[Result "1-0"]
[WhiteTitle "WIM"]
[BlackTitle "WIM"]
[WhiteElo "2186"]
[BlackElo "2141"]
[WhiteTeam "Bad Koenigshofen"]
[BlackTeam "Karlsruher SF 1853"]
[WhiteFideId "4681410"]
[BlackFideId "604674"]
[EventDate "2011.10.29"]
[EventType "team"]

1. e4 c5 2. Nf3 d6 3. d4 cxd4 4. Nxd4 Nf6 5. Nc3 e6 6. g4 e5 7. Bb5+ Bd7 8.
Bxd7+ Qxd7 9. Nf5 h5 10. f3 hxg4 11. fxg4 Nc6 12. Bg5 Nh7 13. Bh4 g6 14. Ne3 Be7
15. Bxe7 Qxe7 16. Qd2 Qh4+ 17. Qf2 Ng5 18. Qxh4 Rxh4 19. Ncd5 O-O-O 20. Nf6 Rh3
21. Ned5 Rdh8 22. O-O-O Rxh2 23. Rxh2 Rxh2 24. Ne3 Rf2 25. Rxd6 Ne6 26. Ned5 Nf4
27. Nxf4 Rxf4 28. c3 Nd8 29. g5 Ne6 30. Rd5 Nxg5 31. Rxe5 Rxf6 32. Rxg5 Rf2 33.
Rd5 Re2 34. Rd4 Kc7 35. a4 Kc6 36. b4 a6 37. Kd1 Rf2 38. Ke1 Rc2 39. Rd3 Rh2 40.
Rf3 Rh4 41. Rf6+ Kc7 42. Rxf7+ Kc6 43. Rf6+ Kc7 44. Rxg6 Rxe4+ 45. Kd2 Rh4 46.
a5 Rh2+ 47. Kd3 Rh3+ 48. Kc4 Rh4+ 49. Kb3 Rh3 50. Rg5 Rf3 51. Kc4 Rh3 52. Kd4
Kc6 53. Rg6+ Kc7 54. Re6 Rh4+ 55. Kd5 Kd7 56. Re5 Rh6 57. c4 Rd6+ 58. Kc5 Rc6+
59. Kd4 Rh6 60. b5 axb5 61. cxb5 Rg6 62. Kc5 Rf6 63. Rh5 Rg6 64. Rd5+ Kc7 65.
Rh5 Kd7 66. Rh7+ Kc8 67. Re7 Rh6 68. Kd5 Rh5+ 69. Kd6 Rh8 70. Re6 Rd8+ 71. Kc5
Rd1 72. Kb6 Rb1 73. Re8+ Kd7 74. Rb8 1-0

[Event "Frauenbundesliga 2011-12"]
[Site "Germany GER"]
[Date "2012.01.21"]
[Round "6.6"]
[White "Brendel,B"]
[Black "Gromova,I"]
[Result "1/2-1/2"]
[WhiteTitle "WFM"]
[BlackTitle "WIM"]
[WhiteElo "2119"]
[BlackElo "2231"]
[WhiteTeam "Karlsruher SF 1853"]
[BlackTeam "Bad Koenigshofen"]
[WhiteFideId "4608763"]
[BlackFideId "4152832"]
[EventDate "2011.10.29"]
[EventType "team"]

1. e4 c6 2. d4 d5 3. Nc3 dxe4 4. Nxe4 Bf5 5. Ng3 Bg6 6. h4 h6 7. Nf3 e6 8. Ne5
Bh7 9. c3 Nf6 10. Nh5 Nbd7 11. Nxf6+ Nxf6 12. Bd3 Bxd3 13. Qxd3 Bd6 14. Qe2 Nd5
15. Bd2 Qc7 16. c4 Nf6 17. Ng4 O-O-O 18. Nxf6 gxf6 19. O-O-O Bf4 20. g3 Bxd2+
21. Rxd2 f5 22. Rhd1 Rhg8 23. Qe3 Rg6 24. Kb1 Qb6 25. Qe5 Qb4 26. d5 Qc5 27. Qc3
exd5 28. cxd5 Qxc3 29. bxc3 Rgd6 30. c4 cxd5 31. cxd5 Kd7 32. Re1 Rc8 33. Re5
Rf6 34. d6 Rxd6 35. Rxd6+ Kxd6 36. Rxf5 Ke7 37. Kb2 Rc6 1/2-1/2

[Event "Frauenbundesliga 2011-12"]
[Site "Germany GER"]
[Date "2012.01.21"]
[Round "6.1"]
[White "Seps,M"]
[Black "Zatonskih,A"]
[Result "0-1"]
[WhiteTitle "WIM"]
[BlackTitle "IM"]
[WhiteElo "2198"]
[BlackElo "2508"]
[WhiteTeam "SV Stuttgart Wolfbusch"]
[BlackTeam "OSG Baden Baden"]
[WhiteFideId "1308521"]
[BlackFideId "14101572"]
[EventDate "2011.10.29"]
[EventType "team"]

1. e4 e6 2. Nf3 d5 3. e5 c5 4. b4 cxb4 5. a3 d4 6. Bb2 Nc6 7. Bb5 Bd7 8. O-O
bxa3 9. Nxa3 Bc5 10. Nc4 Nge7 11. Nd6+ Bxd6 12. exd6 Nf5 13. Bd3 Nxd6 14. Nxd4
O-O 15. Nxc6 Bxc6 16. Qg4 Ne8 17. Qh3 f5 18. Rfe1 Nc7 19. Be5 Nd5 20. c4 Nf6 21.
Rad1 Qd7 22. Bb1 Ba4 23. d4 Bxd1 24. Rxd1 Ng4 25. Bg3 Rac8 26. Ba2 Qa4 27. Rd2
Qa3 28. Rc2 Qd3 29. Rc1 Qd2 0-1

[Event "Frauenbundesliga 2011-12"]
[Site "Germany GER"]
[Date "2012.01.21"]
[Round "6.2"]
[White "Kachiani-Gersinska,K"]
[Black "Jussupow,E"]
[Result "1-0"]
[WhiteTitle "IM"]
[BlackTitle "WFM"]
[WhiteElo "2319"]
[BlackElo "2162"]
[WhiteTeam "OSG Baden Baden"]
[BlackTeam "SV Stuttgart Wolfbusch"]
[WhiteFideId "4623614"]
[BlackFideId "24625400"]
[EventDate "2011.10.29"]
[EventType "team"]

1. d4 d5 2. c4 e6 3. Nf3 Nf6 4. g3 Bb4+ 5. Bd2 Be7 6. Bg2 O-O 7. O-O c6 8. Qc2
Nbd7 9. Rd1 a5 10. Bf4 a4 11. Ne5 Nh5 12. Be3 Nhf6 13. Bf4 Nh5 14. Bc1 Nhf6 15.
Nd3 Qa5 16. Nd2 Qa7 17. Nf3 Ne4 18. Nfe5 Nd6 19. Nxd7 Bxd7 20. c5 Nc4 21. Rb1 f6
22. e4 Rfb8 23. Nf4 Na5 24. Bh3 b6 25. cxb6 Rxb6 26. Bxe6+ Bxe6 27. Nxe6 Rb4 28.
Bd2 Rc4 29. Qd3 Qd7 30. exd5 cxd5 31. Re1 Ra6 32. Nf4 Nc6 33. b3 axb3 34. axb3
Ra3 35. Bc3 1-0

[Event "Frauenbundesliga 2011-12"]
[Site "Germany GER"]
[Date "2012.01.21"]
[Round "6.3"]
[White "Haecker,S"]
[Black "Arakhamia-Grant,K"]
[Result "0-1"]
[BlackTitle "GM"]
[WhiteElo "2070"]
[BlackElo "2456"]
[WhiteTeam "SV Stuttgart Wolfbusch"]
[BlackTeam "OSG Baden Baden"]
[WhiteFideId "4680928"]
[BlackFideId "13600168"]
[EventDate "2011.10.29"]
[EventType "team"]

1. e4 c5 2. Nc3 Nc6 3. g3 g6 4. Bg2 Bg7 5. d3 d6 6. f4 e6 7. Nf3 Nge7 8. O-O O-O
9. Be3 Nd4 10. e5 Nef5 11. Bf2 Nxf3+ 12. Bxf3 dxe5 13. fxe5 Bxe5 14. Bxc5 Bd4+
15. Bxd4 Qxd4+ 16. Rf2 Rb8 17. Rb1 b5 18. Ne4 Bb7 19. c3 Qd8 20. Qe2 b4 21. Rbf1
bxc3 22. bxc3 Bxe4 23. Qxe4 Qa5 24. Rc1 Rfc8 25. Rfc2 Rb5 26. d4 Nd6 27. Qg4 Nc4
28. Re1 Qb6 29. Kh1 Rb1 30. Re2 Nd2 31. Qf4 Rxc3 32. Qxd2 Rxf3 33. Kg2 Rf5 34.
Qd3 Rxe1 35. Rxe1 Qb7+ 36. Kg1 Qb2 37. Qe2 Qxd4+ 38. Kh1 Rf2 39. Qb5 Qd2 0-1

[Event "Frauenbundesliga 2011-12"]
[Site "Germany GER"]
[Date "2012.01.21"]
[Round "6.5"]
[White "Erben,L"]
[Black "Sedina,E"]
[Result "0-1"]
[BlackTitle "IM"]
[WhiteElo "2035"]
[BlackElo "2337"]
[WhiteTeam "SV Stuttgart Wolfbusch"]
[BlackTeam "OSG Baden Baden"]
[WhiteFideId "24634590"]
[BlackFideId "812153"]
[EventDate "2011.10.29"]
[EventType "team"]

1. e4 e6 2. d4 d5 3. exd5 exd5 4. Nf3 Nf6 5. c4 Bb4+ 6. Nc3 Nc6 7. a3 Bxc3+ 8.
bxc3 O-O 9. Bd3 dxc4 10. Bxc4 Na5 11. Ba2 Qe7+ 12. Be3 Be6 13. O-O Bxa2 14. Rxa2
Nc4 15. Bg5 b5 16. Qb3 c6 17. a4 a6 18. Re1 Qd6 19. Ne5 Nxe5 20. dxe5 Qd5 21.
Qb4 Qxa2 22. exf6 Rfe8 23. Rc1 Qe6 24. h3 h6 25. Be3 Qxf6 26. a5 Qf5 27. Qd6 Qd5
28. Qg3 Re6 29. Qc7 Rae8 30. Qb7 Rg6 31. g3 Rxe3 32. Qb8+ Kh7 33. fxe3 Qf3 0-1

[Event "Frauenbundesliga 2011-12"]
[Site "Germany GER"]
[Date "2012.01.21"]
[Round "6.2"]
[White "Jaracz,B"]
[Black "Pokorna,Reg"]
[Result "1-0"]
[WhiteTitle "WGM"]
[BlackTitle "WGM"]
[WhiteElo "2272"]
[BlackElo "2359"]
[WhiteTeam "SV Chemie Guben"]
[BlackTeam "Rodewischer Schachmiezen"]
[WhiteFideId "1107453"]
[BlackFideId "14902052"]
[EventDate "2011.10.29"]
[EventType "team"]

1. e4 e5 2. Nf3 Nc6 3. Bb5 a6 4. Ba4 Nf6 5. O-O Be7 6. Re1 b5 7. Bb3 d6 8. c3
O-O 9. h3 Na5 10. Bc2 c5 11. d4 Qc7 12. Nbd2 cxd4 13. cxd4 Nc6 14. Nf1 Nxd4 15.
Nxd4 exd4 16. Bb3 Bb7 17. Qxd4 Rad8 18. Bf4 Qc5 19. Rad1 Qxd4 20. Rxd4 Nh5 21.
Bc1 Rfe8 22. g4 Nf6 23. Ng3 g6 24. Bf4 Nd7 25. Bxd6 Bf6 26. Rdd1 Ne5 27. Kg2 Nc4
28. Bxc4 bxc4 29. Ba3 Rd3 30. Rxd3 cxd3 31. Rd1 Rd8 32. f3 Bc6 33. Nf1 Bb5 34.
Ne3 Rc8 35. b3 Bg5 36. Nc4 d2 37. Nxd2 Rc2 38. Bb4 Be2 39. Re1 Bd3 40. Rd1 Rxa2
41. Kg3 Bc2 42. Rc1 Be3 43. f4 f6 44. Kf3 Bd4 45. Bd6 Kf7 46. e5 f5 47. gxf5
gxf5 48. Ke2 Ke6 49. b4 Kd5 50. Bc5 Bxc5 51. bxc5 a5 52. c6 Kxc6 53. Nb1 Kd7 54.
Nc3 Rb2 55. Ra1 a4 56. Ke3 Rb4 57. Rg1 Rc4 58. Rg7+ Ke8 59. Nb5 Rb4 60. Nd6+ Kf8
61. Rf7+ Kg8 62. Ra7 Rb6 63. Ne8 Rb3+ 64. Kd2 Be4 65. Nf6+ Kf8 66. e6 Bb7 67.
Nd7+ Ke7 68. Nc5 Rb5 69. Nxb7 Kxe6 70. Nd8+ Kd5 71. Rxa4 Rb2+ 72. Kc3 Rh2 73.
Rd4+ Kc5 74. Ne6+ Kc6 75. Rd3 Rf2 76. Kd4 Re2 77. Re3 Rd2+ 78. Ke5 Rd5+ 79. Kf6
Kd6 80. Ng5 1-0

[Event "Frauenbundesliga 2011-12"]
[Site "Germany GER"]
[Date "2012.01.21"]
[Round "6.3"]
[White "Korenova,M"]
[Black "Fojudzka,Anna"]
[Result "1/2-1/2"]
[WhiteTitle "WIM"]
[BlackTitle "WIM"]
[WhiteElo "2220"]
[BlackElo "2205"]
[WhiteTeam "Rodewischer Schachmiezen"]
[BlackTeam "SV Chemie Guben"]
[WhiteFideId "302805"]
[BlackFideId "1112074"]
[EventDate "2011.10.29"]
[EventType "team"]

1. d4 Nf6 2. c4 g6 3. Nc3 Bg7 4. e4 d6 5. f4 O-O 6. Nf3 c5 7. d5 a6 8. Bd3 Qc7
9. a4 e6 10. O-O exd5 11. e5 Ne8 12. Nxd5 Qd8 13. f5 dxe5 14. Bg5 f6 15. fxg6
Bg4 16. gxh7+ Kh8 17. Qd2 Bxf3 18. Rxf3 Nd7 19. Bh6 Nb6 20. Nc3 Qd4+ 21. Be3
Nxc4 22. Bxc4 Qxc4 23. Qd5 Qxd5 24. Nxd5 Rf7 25. Bxc5 Rd8 26. Ne7 Nd6 27. Bxd6
Rxd6 28. Ng6+ Kxh7 29. Nxe5 Rc7 30. Nd3 Rc2 31. Rc1 Rxc1+ 32. Nxc1 f5 33. Nd3
Bd4+ 34. Kf1 Rd5 35. Ke2 b5 36. axb5 Rxb5 37. b4 a5 38. bxa5 Rxa5 39. Nf4 Ra2+
40. Kd3 Be5 41. Rh3+ Kg8 42. Ke3 Ra3+ 43. Nd3 Kg7 44. Rh4 Bf6 45. Rc4 Be5 46. g3
Bf6 47. Rc2 Bg5+ 48. Ke2 Ra4 49. Nc5 Ra3 50. Ne6+ Kf6 51. Nd4 Ra5 52. Nf3 Kg6
53. h3 Bf6 54. Nd2 Ra3 55. Nf3 Ra5 56. Kf2 Rb5 57. Nd2 Rb2 58. Rxb2 Bxb2 59. Kf3
Be5 60. Nc4 Bc7 61. Ne3 Bb8 62. Nd5 Bd6 63. Nf4+ Kh6 64. Ke3 Bc5+ 65. Ke2 Bb6
66. Nd5 Bc5 67. Ne3 Kg5 68. Kf3 Bd6 69. Ng2 Bc7 70. h4+ Kf6 71. Nf4 Bb8 72. Ke3
Ba7+ 73. Kd3 Bf2 74. Ke2 Ba7 75. Nh3 Bb8 76. Kf3 Bd6 77. h5 Bb8 78. Nf4 Kg5 79.
Ke3 Ba7+ 80. Kd3 Kh6 81. Ke2 Bb8 82. Ke3 Ba7+ 83. Kf3 Bb8 84. Ke3 1/2-1/2

[Event "Frauenbundesliga 2011-12"]
[Site "Germany GER"]
[Date "2012.01.21"]
[Round "6.4"]
[White "Sikorska,A1"]
[Black "Winkelmann,E"]
[Result "1/2-1/2"]
[WhiteElo "2092"]
[BlackElo "2104"]
[WhiteTeam "SV Chemie Guben"]
[BlackTeam "Rodewischer Schachmiezen"]
[WhiteFideId "1129821"]
[BlackFideId "24607630"]
[EventDate "2011.10.29"]
[EventType "team"]

1. e4 c5 2. Nf3 Nc6 3. d4 cxd4 4. Nxd4 d5 5. Nxc6 bxc6 6. exd5 Qxd5 7. Qxd5 cxd5
8. Nc3 e6 9. Nb5 Kd7 10. Be3 a6 11. Nd4 e5 12. Nf3 f6 13. O-O-O Ke6 14. g3 Bb7
15. Bh3+ Kf7 16. Bg2 Ne7 17. Rhe1 Rc8 18. Kb1 Ba8 19. c3 Nf5 20. Bc1 Bc5 21. g4
Nd6 22. g5 Rhd8 23. gxf6 gxf6 24. Re2 d4 25. cxd4 Bxd4 26. Ne1 Bxg2 27. Nxg2 Nf5
28. f4 Rc6 29. fxe5 fxe5 30. Rf1 Kg6 31. Ne3 Nxe3 32. Bxe3 Kg7 33. Bg5 Rf8 34.
Rd1 Rf3 35. h4 Kf7 36. a3 h6 37. Bd8 Rf4 38. h5 Ke6 39. Ba5 Kf5 40. Bd2 Rf3 41.
Rc1 1/2-1/2

[Event "Frauenbundesliga 2011-12"]
[Site "Germany GER"]
[Date "2012.01.21"]
[Round "6.5"]
[White "Schulz,A1"]
[Black "Demidowicz,M"]
[Result "1-0"]
[WhiteElo "1819"]
[BlackElo "2077"]
[WhiteTeam "SV Chemie Guben"]
[BlackTeam "SV Chemie Guben"]
[WhiteFideId "4676122"]
[BlackFideId "1130544"]
[EventDate "2011.10.29"]
[EventType "team"]

1. e4 c5 2. Nf3 d6 3. d4 cxd4 4. Nxd4 Nf6 5. Nc3 a6 6. Be3 e5 7. Nb3 Be6 8. f4
exf4 9. Bxf4 Nc6 10. Qe2 Be7 11. h3 Nd7 12. O-O-O Nde5 13. g4 Bg5 14. Qe3 Bxf4
15. Qxf4 Qc7 16. Rh2 O-O-O 17. Kb1 Kb8 18. Rhd2 h6 19. Nd5 Bxd5 20. exd5 Ne7 21.
Qb4 Ka8 22. c4 Nd7 23. Qc3 Ng6 24. Rc2 Rc8 25. Nd4 Nge5 26. Qa3 Qb6 27. Ka1 g6
28. b4 Rhe8 29. Nb3 Nf3 30. c5 dxc5 31. bxc5 Qf6+ 32. Qb2 Ne1 33. Rf2 Qxb2+ 34.
Kxb2 Nxc5 35. Nxc5 Rxc5 36. d6 Rb5+ 37. Bxb5 1-0

[Event "Frauenbundesliga 2011-12"]
[Site "Germany GER"]
[Date "2012.01.21"]
[Round "6.6"]
[White "Wisniowska,K"]
[Black "Steinbacher,C"]
[Result "0-1"]
[BlackTitle "WIM"]
[WhiteElo "2074"]
[BlackElo "2106"]
[WhiteTeam "SV Chemie Guben"]
[BlackTeam "Rodewischer Schachmiezen"]
[WhiteFideId "1181238"]
[BlackFideId "4627679"]
[EventDate "2011.10.29"]
[EventType "team"]

1. e4 c5 2. Nf3 a6 3. c4 Nc6 4. d4 cxd4 5. Nxd4 Qc7 6. Nc3 e6 7. Be3 Nf6 8. Rc1
Ne5 9. f3 Be7 10. Be2 d6 11. O-O O-O 12. b4 b6 13. Qb3 Bb7 14. Rfd1 Rac8 15. Na4
Ned7 16. Nb2 Qb8 17. a4 Rfd8 18. Ra1 d5 19. exd5 exd5 20. Nf5 Bf8 21. Ng3 Qd6
22. Bd2 Re8 23. Be1 Qe6 24. a5 Ne5 25. Rdc1 dxc4 26. Qc2 b5 27. f4 Nc6 28. f5
Qe7 29. Bf2 Nxb4 30. Qd2 Nbd5 31. Nd1 Rcd8 32. Qg5 Ba8 33. Bf1 Ne4 34. Nxe4 Qxe4
35. Nc3 Qf4 36. Qh5 Nf6 37. Qh3 Qg4 38. Qxg4 Nxg4 39. Bb6 Rd2 40. Nb1 Rd5 41. h3
Nf6 42. g4 h6 43. Bg2 Rd3 44. Bxa8 Rxa8 45. Kg2 Bb4 46. Ra2 Re8 47. Rcc2 Nd5 48.
Rc1 Nf4+ 0-1

[Event "Frauenbundesliga 2011-12"]
[Site "Germany GER"]
[Date "2012.01.21"]
[Round "6.1"]
[White "Kononenko,T"]
[Black "Burchardt,B"]
[Result "1/2-1/2"]
[WhiteTitle "IM"]
[BlackTitle "WIM"]
[WhiteElo "2375"]
[BlackElo "2224"]
[WhiteTeam "USV Volksbank Halle"]
[BlackTeam "Rotation Pankow"]
[WhiteFideId "14102358"]
[BlackFideId "4612213"]
[EventDate "2011.10.29"]
[EventType "team"]

1. d4 d5 2. c4 e6 3. Nc3 c6 4. e3 f5 5. Bd3 Nf6 6. Qc2 Be7 7. Nge2 O-O 8. O-O g6
9. f3 Nbd7 10. Nf4 Nb8 11. Bd2 Bd6 12. Nfe2 Na6 13. a3 Nc7 14. c5 Be7 15. b4 Bd7
16. e4 Nh5 17. e5 Rf7 18. a4 a6 19. Qb3 Bg5 20. f4 Bh6 21. b5 axb5 22. axb5 Rxa1
23. Rxa1 Nxb5 24. Nxb5 cxb5 25. Bxb5 Bxb5 26. Qxb5 g5 27. fxg5 Bxg5 28. Bxg5
Qxg5 29. Qd3 Nf4 30. Nxf4 Qxf4 31. Ra8+ Rf8 32. Ra7 Qc1+ 33. Kf2 Qf4+ 34. Kg1
Qc1+ 35. Kf2 Qf4+ 1/2-1/2

[Event "Frauenbundesliga 2011-12"]
[Site "Germany GER"]
[Date "2012.01.21"]
[Round "6.2"]
[White "Goehler,A"]
[Black "Melamed,T"]
[Result "0-1"]
[WhiteTitle "WIM"]
[BlackTitle "WGM"]
[WhiteElo "2134"]
[BlackElo "2342"]
[WhiteTeam "Rotation Pankow"]
[BlackTeam "USV Volksbank Halle"]
[WhiteFideId "4612469"]
[BlackFideId "14102145"]
[EventDate "2011.10.29"]
[EventType "team"]

1. d4 Nf6 2. Nf3 c5 3. dxc5 Qa5+ 4. Nbd2 g6 5. a3 Nc6 6. e3 Bg7 7. Bc4 O-O 8.
O-O Qxc5 9. b4 Qb6 10. Bb2 d5 11. Bb3 Rd8 12. Qe2 Bg4 13. h3 Bxf3 14. Nxf3 a5
15. b5 a4 16. bxc6 bxc6 17. Rab1 axb3 18. cxb3 c5 19. Rfc1 Ne4 20. Bxg7 Kxg7 21.
Nd2 Nd6 22. e4 Rxa3 23. exd5 Ra2 24. Qe5+ Kg8 25. Nc4 Nxc4 26. bxc4 Qd6 27. Re1
Rc2 28. Qe4 Rc3 29. Qxe7 Rxc4 30. Rb7 Rf4 31. g3 Rf6 32. Qxd6 Rdxd6 33. Re8+ Kg7
34. Rc7 Rxd5 35. Rec8 Rd1+ 36. Kg2 Rd2 37. g4 Rfxf2+ 38. Kg3 Rg2+ 39. Kf3 Rh2
40. Rxc5 Rxh3+ 41. Kf4 Rd4+ 0-1

[Event "Frauenbundesliga 2011-12"]
[Site "Germany GER"]
[Date "2012.01.21"]
[Round "6.4"]
[White "Mai,I"]
[Black "Lakos,N"]
[Result "1/2-1/2"]
[WhiteTitle "WIM"]
[BlackTitle "WGM"]
[WhiteElo "2115"]
[BlackElo "2278"]
[WhiteTeam "Rotation Pankow"]
[BlackTeam "USV Volksbank Halle"]
[WhiteFideId "4627393"]
[BlackFideId "705128"]
[EventDate "2011.10.29"]
[EventType "team"]

1. d4 Nf6 2. c4 c5 3. d5 e6 4. Nc3 exd5 5. cxd5 d6 6. e4 g6 7. Bd3 Bg7 8. Nge2
O-O 9. O-O a6 10. a4 Re8 11. Ng3 Nbd7 12. h3 Rb8 13. f4 h5 14. Qf3 Qc7 15. Be3
c4 1/2-1/2

[Event "Frauenbundesliga 2011-12"]
[Site "Germany GER"]
[Date "2012.01.21"]
[Round "6.5"]
[White "Straub,N"]
[Black "Wagner Michel,A"]
[Result "0-1"]
[WhiteTitle "WGM"]
[BlackTitle "WIM"]
[WhiteElo "2205"]
[BlackElo "2169"]
[WhiteTeam "USV Volksbank Halle"]
[BlackTeam "Rotation Pankow"]
[WhiteFideId "14102757"]
[BlackFideId "4612205"]
[EventDate "2011.10.29"]
[EventType "team"]

1. d4 d5 2. c4 e6 3. cxd5 exd5 4. Nc3 Bf5 5. Nf3 Nf6 6. Qb3 b6 7. Bg5 c6 8. e3
Be7 9. Be2 O-O 10. O-O Nbd7 11. Ba6 Qb8 12. Rfc1 b5 13. a4 b4 14. Ne2 Qb6 15.
Bd3 Bxd3 16. Qxd3 c5 17. a5 Qd8 18. dxc5 Nxc5 19. Qd1 Rc8 20. Ned4 Re8 21. Ne5
Qd6 22. Bf4 Qa6 23. Nf5 Bf8 24. h3 Nce4 25. Nd3 Rxc1 26. Nxc1 Nc5 27. Nd4 Nfe4
28. Ndb3 Qc4 29. Nxc5 Nxc5 30. Qd4 Qxd4 31. exd4 Re1+ 32. Kh2 Nd3 33. Bd2 Rf1
34. Be3 Nxf2 35. Nb3 Bd6+ 36. g3 Rxa1 37. Nxa1 Ne4 38. Bf4 Kf8 39. Bxd6+ Nxd6
40. Nc2 b3 41. Na1 Nc4 42. Nxb3 Nxb2 43. g4 Ke7 44. Nc5 Nc4 45. a6 Nd6 46. Kg3
Nb5 47. Nb3 Kd6 48. h4 Nc7 49. Nc5 Ne6 0-1

[Event "Frauenbundesliga 2011-12"]
[Site "Germany GER"]
[Date "2012.01.21"]
[Round "6.1"]
[White "Zozulia,A"]
[Black "Worek,J"]
[Result "1/2-1/2"]
[WhiteTitle "IM"]
[BlackTitle "WIM"]
[WhiteElo "2377"]
[BlackElo "2265"]
[WhiteTeam "SV Muelheim-Nord 1931"]
[BlackTeam "TSV Schott Mainz"]
[WhiteFideId "14102110"]
[BlackFideId "1118080"]
[EventDate "2011.10.29"]
[EventType "team"]

1. e4 c5 2. Nf3 d6 3. c3 Nf6 4. Be2 Nc6 5. d3 Bg4 6. O-O e6 7. h3 Bh5 8. Nbd2
Be7 9. Re1 d5 10. Bf1 O-O 11. g4 Bg6 12. Nh4 dxe4 13. Nxg6 hxg6 14. dxe4 Ne5 15.
f4 Nd3 16. e5 Ne8 17. Bxd3 Qxd3 18. Nf3 Rd8 19. Qxd3 Rxd3 20. Be3 Nc7 21. c4 Na6
22. Rad1 Rfd8 23. Rxd3 Rxd3 24. Kf2 Nb4 25. Ke2 Rd8 26. a3 Nc2 27. Rc1 Nxe3 28.
Kxe3 a6 29. a4 f6 30. b3 Kf7 31. g5 Rh8 32. h4 fxg5 33. hxg5 Bd8 34. Rd1 Ke7 35.
Kf2 Ba5 36. Kg3 Rd8 37. Rxd8 Kxd8 38. Kf2 Ke7 39. Ke3 Bb4 40. Kd3 Ba5 41. Nh4
Kf7 42. Ng2 Ke7 43. Ne3 Kd7 44. Nf1 Bc7 45. Nd2 a5 46. Ne4 b6 47. Nc3 Ke7 48.
Nb5 Kd7 49. Nc3 Ke7 50. Nb5 1/2-1/2

[Event "Frauenbundesliga 2011-12"]
[Site "Germany GER"]
[Date "2012.01.21"]
[Round "6.4"]
[White "Voss,C"]
[Black "Vogel,H"]
[Result "0-1"]
[BlackTitle "WFM"]
[WhiteElo "1898"]
[BlackElo "2133"]
[WhiteTeam "TSV Schott Mainz"]
[BlackTeam "SV Muelheim-Nord 1931"]
[WhiteFideId "4664906"]
[BlackFideId "4683137"]
[EventDate "2011.10.29"]
[EventType "team"]

1. d4 c5 2. Nf3 Nf6 3. c4 cxd4 4. Nxd4 g6 5. Nc3 Bg7 6. e4 d6 7. Be2 O-O 8. O-O
Nc6 9. Be3 Bd7 10. h3 Rc8 11. Qd2 a6 12. Rac1 Qa5 13. Nb3 Qb4 14. f4 Na5 15. Nd5
Qxd2 16. Nxe7+ Kh8 17. Nxd2 Rce8 18. Nd5 Nxe4 19. Bd3 Nc5 20. Bc2 Bxb2 21. Rb1
Bg7 22. Rfe1 Bc6 23. Bf2 Bxd5 24. cxd5 Bc3 25. Rxe8 Rxe8 26. Nb3 Naxb3 27. Bxb3
b5 28. Bd1 Nd3 29. Bg3 Bd4+ 30. Kh2 Kg7 31. Bc2 Nc5 32. Bd1 f5 33. Bf3 Kf7 34.
Bh4 Ne4 35. Rc1 Bc5 36. g4 b4 37. gxf5 Nc3 38. Rc2 Re3 39. fxg6+ hxg6 40. Kg2
Re8 41. Kf1 a5 42. f5 Re5 43. fxg6+ Kxg6 44. Bg3 Rf5 45. Kg2 Nxd5 46. Re2 Ne3+
47. Kf2 Nc2+ 48. Kg2 Nd4 49. Re3 Nxf3 50. Rxf3 Rxf3 51. Kxf3 Kf5 52. Ke2 Ke4 53.
Kd2 d5 54. h4 d4 55. h5 d3 56. Bc7 a4 57. Kd1 b3 58. axb3 axb3 0-1

[Event "Frauenbundesliga 2011-12"]
[Site "Germany GER"]
[Date "2012.01.21"]
[Round "6.5"]
[White "Sokalska,V"]
[Black "Sautter,E"]
[Result "1/2-1/2"]
[WhiteElo "2027"]
[BlackElo "1996"]
[WhiteTeam "SV Muelheim-Nord 1931"]
[BlackTeam "TSV Schott Mainz"]
[WhiteFideId "24646121"]
[BlackFideId "4609000"]
[EventDate "2011.10.29"]
[EventType "team"]

1. e4 e6 2. d4 b6 3. Bd3 Bb7 4. Nf3 Nf6 5. Bg5 h6 6. Bxf6 gxf6 7. Nbd2 Nc6 8.
Qe2 Nb4 9. c3 Nxd3+ 10. Qxd3 a5 11. O-O-O Ba6 12. Qe3 h5 13. Nh4 Qe7 14. Qf3
O-O-O 15. e5 Bb7 16. exf6 Qd6 17. Nc4 Bxf3 18. Nxd6+ Bxd6 19. Nxf3 Rh6 20. Ne5
Rxf6 21. Rhf1 Rf8 22. f4 Rh6 23. Nc4 Be7 24. d5 Bc5 25. a3 Rg8 26. b4 axb4 27.
axb4 Bf8 28. Rf2 d6 29. Kc2 Rf6 30. Ne3 Bh6 31. Kb3 1/2-1/2

[Event "Frauenbundesliga 2011-12"]
[Site "Germany GER"]
[Date "2012.01.21"]
[Round "6.6"]
[White "Krasnopeyeva,J"]
[Black "Reiter,B"]
[Result "1-0"]
[WhiteElo "1963"]
[BlackElo "1836"]
[WhiteTeam "TSV Schott Mainz"]
[BlackTeam "SV Muelheim-Nord 1931"]
[WhiteFideId "24603910"]
[BlackFideId "4608534"]
[EventDate "2011.10.29"]
[EventType "team"]

1. e4 c6 2. d4 d5 3. exd5 cxd5 4. c4 Nf6 5. Nc3 e6 6. Nf3 Nc6 7. Bd3 Bd6 8. O-O
h6 9. c5 Bb8 10. a3 O-O 11. b4 e5 12. dxe5 Nxe5 13. h3 Qc7 14. g3 Bxh3 15. Re1
Nxf3+ 16. Qxf3 Bg4 17. Qh1 Be6 18. Bxh6 Rd8 19. Bg5 Qe7 20. Qh4 Bc7 21. Kg2 Qd7
22. Rh1 Kf8 23. Bxf6 1-0

[Event "Frauenbundesliga 2011-12"]
[Site "Germany GER"]
[Date "2012.01.22"]
[Round "7.1"]
[White "Worek,J"]
[Black "Socko,M"]
[Result "0-1"]
[WhiteTitle "WIM"]
[BlackTitle "GM"]
[WhiteElo "2265"]
[BlackElo "2490"]
[WhiteTeam "TSV Schott Mainz"]
[BlackTeam "Hamburger SK 1830"]
[WhiteFideId "1118080"]
[BlackFideId "1106619"]
[EventDate "2011.10.29"]
[EventType "team"]

1. d4 Nf6 2. c4 g6 3. Nc3 Bg7 4. e4 d6 5. Bd3 O-O 6. Nge2 c5 7. d5 e6 8. h3 a6
9. a4 exd5 10. exd5 Nbd7 11. f4 Nh5 12. O-O f5 13. Bd2 Ndf6 14. Qc2 Bd7 15. Be1
Qe7 16. Bh4 Rae8 17. Rae1 Bh6 18. Kh1 Qg7 19. Qd2 Qf7 20. Bg5 Bg7 21. Qc2 Re3
22. Bh4 Rfe8 23. a5 Bh6 24. Nd1 R3e7 25. Qb3 Bxf4 26. Nxf4 Rxe1 27. Bxe1 Nxf4
28. Bc2 N6h5 29. Ne3 Ne2 30. Ng4 Qg7 31. Nh2 f4 32. Rf3 Nd4 33. Bc3 Nxb3 34.
Bxg7 Nd2 0-1